[Event "Reykjavik Open 2025"]
[Site "Reykjavik"]
[Date "2025.04.12"]
[Round "5.170"]
[White "Agustsson, Egill Steinar"]
[Black "Eustratiadis, Panagiotis"]
[Result "1-0"]
[WhiteElo "1811"]
[WhiteFideId "2308118"]
[BlackElo "1579"]
[BlackFideId "40100448"]
[Variant "Standard"]
[StudyName "ROpen 2025 - Rd5 - Boards 109-172"]
1. d4 e6 2. Nf3 c5 3. c3 d5 4. g3 Nf6 5. Bg2 h6 6. O-O Bd6 7. Re1 b6 8. b3 Bb7 9. Nbd2 Nbd7 10. Bb2 O-O 11. Rc1 e5 12. dxe5 Nxe5 13. c4 Nxf3+ 14. Bxf3 Be7 15. Bxf6 Bxf6 16. Nf1 Bb2 17. Rc2 Ba3 18. Bxd5 Bb4 19. Bxb7 Qf6 20. Bxa8 Rxa8 21. Nd2 Rd8 22. e3 h5 23. Re2 h4 24. Qf1 g5 25. Nb1 g4 26. e4 h3 27. Re3 Rd4 28. Nc3 Bxc3 29. Rcxc3 Qe5 30. Qe1 f6 31. Rcd3 Kg7 32. Rxd4 cxd4 33. Rd3 f5 34. f4 gxf3 35. Rxf3 fxe4 36. Rf4 e3 37. Qe2 d3 38. Qg4+ Kh6 39. Qxh3+ Kg5 40. Rg4+ Kf6 41. Qh6+ Kf7 42. Qg6+ Kf8 43. Rf4+ Ke7 44. Rf7+ Kd8 45. Qg8+ Qe8 46. Qg5+ Kc8 47. Qf5+ Kb8 48. Qf4+ Kc8 49. Qc7# 1-0

[Event "Reykjavik Open 2025"]
[Site "Reykjavik"]
[Date "2025.04.12"]
[Round "5.171"]
[White "Ishitsu, Mike"]
[Black "Eiriksson, Sigurdur"]
[Result "0-1"]
[WhiteElo "1486"]
[WhiteFideId "7007124"]
[BlackElo "1810"]
[BlackFideId "2302314"]
[Variant "Standard"]
[StudyName "ROpen 2025 - Rd5 - Boards 109-172"]
1. e4 e6 2. d3 d5 3. Nd2 c5 4. Ngf3 Nc6 5. g3 Bd6 6. Bg2 Nge7 7. O-O O-O 8. Re1 b6 9. Nf1 Bb7 10. a4 Rc8 11. Ne3 Bb8 12. c3 d4 13. Nc4 Ba6 14. Qc2 dxc3 15. bxc3 Qd7 16. Be3 Rfd8 17. Red1 Ng6 18. Nb2 Nd4 { [%cal Gc3d4] } 19. Nxd4 cxd4 20. Bd2 dxc3 21. Bxc3 Qc6 22. Rdc1 Be5 23. Ra3 Qd7 24. Bf1 Bd6 25. Rb3 Ne5 26. Qd1 Ng6 27. d4 Bb7 28. f3 h6 29. Bb5 Qe7 30. Qe2 Qg5 31. Nd3 Bb8 32. Bd2 Qf6 33. Be3 Rxc1+ 34. Nxc1 Rc8 35. Na2 Qe7 36. Nb4 Qc7 37. Qd2 h5 38. Na6 Bxa6 39. Bxa6 Rd8 40. Rc3 Qd6 41. Bb5 Qb4 42. Qc1 Kh7 43. Qc2 h4 44. Rc4 Qe1+ 45. Kg2 Qxe3 46. Rc8 Qxd4 47. Rxd8 Qxd8 48. f4 Qe7 49. Qe2 hxg3 50. hxg3 Qc5 51. Qh5+ Qxh5 0-1

[Event "Reykjavik Open 2025"]
[Site "Reykjavik"]
[Date "2025.04.12"]
[Round "5.172"]
[White "Matthiasson, Magnus"]
[Black "Borne, Maxim"]
[Result "1/2-1/2"]
[WhiteElo "1803"]
[WhiteFideId "2306034"]
[BlackElo "1569"]
[BlackFideId "652011933"]
[Variant "Standard"]
[StudyName "ROpen 2025 - Rd5 - Boards 109-172"]
1. b4 e5 2. a3 d5 3. Bb2 Bd6 4. e3 Nf6 5. c4 c6 6. h3 O-O 7. Nf3 Qe7 8. d4 e4 9. Nfd2 Ne8 10. Nc3 Be6 11. Qc2 f5 12. O-O-O Nd7 13. Be2 Rc8 14. Rdf1 g6 15. g3 Ng7 16. Qd1 Nf6 17. Kb1 Qd7 18. Qe1 Qf7 19. c5 Bb8 20. f3 Qc7 21. Rfg1 Rf7 22. f4 Qe7 23. Qd1 Qc7 24. Qf1 Rcf8 1/2-1/2

[Event "Reykjavik Open 2025"]
[Site "Reykjavik"]
[Date "2025.04.12"]
[Round "5.173"]
[White "Osorio Ferrer, Roberto Eduardo"]
[Black "Proudfoot, Andy"]
[Result "1-0"]
[WhiteElo "1803"]
[WhiteFideId "3964612"]
[BlackElo "1568"]
[BlackFideId "487910"]
[Variant "Standard"]
[StudyName "ROpen - Rd5 - Boards 173-END"]
1. e4 d5 2. exd5 Nf6 3. Nc3 Nxd5 4. Bc4 Nxc3 5. Qf3 e6 6. dxc3 Nd7 7. Qg3 Nf6 8. Be3 Ne4 9. Qf3 Nd6 10. O-O-O Bd7 11. Bb3 Bc6 12. Qh3 Qe7 13. Nf3 a5 14. a3 a4 15. Ba2 Bxf3 16. Qxf3 O-O-O 17. Rd4 Qe8 18. Rhd1 Be7 19. Qg4 h5 20. Qxg7 Nf5 21. Rxd8+ Bxd8 22. Qe5 Rg8 23. Qa5 Nd6 24. Qa8+ Kd7 25. Qxb7 Ke7 26. Bc5 Qd7 27. Bc4 Ke8 28. Bxd6 Bg5+ 29. Kb1 1-0

[Event "Reykjavik Open 2025"]
[Site "Reykjavik"]
[Date "2025.04.12"]
[Round "5.174"]
[White "Dickson, Eric"]
[Black "Chaney, Ari"]
[Result "0-1"]
[WhiteElo "1475"]
[WhiteFideId "30947820"]
[BlackElo "1798"]
[BlackFideId "30970172"]
[Variant "Standard"]
[StudyName "ROpen - Rd5 - Boards 173-END"]
1. d4 f5 2. Nf3 Nf6 3. e3 e6 4. Be2 Be7 5. O-O O-O 6. c4 b6 7. a3 a5 8. b3 h6 9. Nbd2 Bb7 10. Qc2 Qe8 11. Re1 d6 12. Bd3 Nbd7 13. e4 fxe4 14. Nxe4 Bd8 15. Nxf6+ Bxf6 16. Bh7+ Kh8 17. Bg6 Qe7 18. Bb2 c5 19. d5 e5 20. Rad1 Qd8 21. Qe4 Be7 22. Qc2 Rf4 23. Re4 Qf8 24. Rxf4 Qxf4 25. Bc1 Qf6 26. Bf5 Nf8 27. Qe4 a4 28. bxa4 Rxa4 29. Qc2 Ra8 30. Qb1 Bd8 31. Bc2 Bc8 32. Bb2 Bd7 33. Re1 Bg4 34. Bd1 Bf5 35. Bc2 Bd7 36. Bd1 Nh7 37. Bc1 Kg8 38. Bc2 Nf8 39. Bb2 Bg4 40. Bd1 Rb8 41. a4 Ra8 42. Re3 Ng6 43. Ra3 Bd7 44. Bc1 Bc7 45. Bc2 Be8 46. Nd2 Nf4 47. Ne4 Qf8 48. Rf3 Bh5 49. Ra3 Ne2+ 50. Kf1 Nd4 51. Ng3 Nxc2 52. Qxc2 Qe8 53. Nxh5 Qxh5 54. Rh3 Qe8 55. Ra3 Bd8 56. Qb3 Qh5 57. Be3 Qxh2 58. Qb5 Qh1+ 59. Ke2 Qxg2 60. Qe8+ Kh7 61. Qf7 Qg4+ 62. Ke1 Qg6 63. Qf3 Qb1+ 64. Qd1 Qb4+ 65. Ke2 Qxa3 66. Qc2+ g6 67. Qd2 Qxa4 68. Bxh6 Qxc4+ 69. Kf3 e4+ 70. Kg2 Ra1 71. Be3 Qf1+ 72. Kg3 Qh1 73. f3 Qxf3+ 0-1

[Event "Reykjavik Open 2025"]
[Site "Reykjavik"]
[Date "2025.04.12"]
[Round "5.176"]
[White "Gilbert, Alistair"]
[Black "Schouten, Ken Ronny"]
[Result "1-0"]
[WhiteElo "1797"]
[WhiteFideId "343419160"]
[BlackElo "1550"]
[BlackFideId "1533010"]
[Variant "Standard"]
[StudyName "ROpen - Rd5 - Boards 173-END"]
1. Nf3 d5 2. c4 d4 3. b4 c5 4. g3 cxb4 5. a3 Nc6 6. axb4 Nxb4 7. Ba3 Nc6 8. Bg2 g6 9. O-O Bg7 10. d3 Nf6 11. Qb3 O-O 12. Nbd2 Re8 13. Rfb1 e5 14. Ng5 Qc7 15. Nde4 Nxe4 16. Nxe4 Rd8 17. Bc5 Qb8 18. Qa3 Bf8 19. Bxf8 Rxf8 20. Nf6+ Kg7 21. Bxc6 Qc7 22. Bg2 1-0

[Event "Reykjavik Open 2025"]
[Site "Reykjavik"]
[Date "2025.04.12"]
[Round "5.179"]
[White "Omarsson, Josef"]
[Black "Seum, Ferdinand"]
[Result "1-0"]
[WhiteElo "2011"]
[WhiteFideId "2316102"]
[BlackElo "1772"]
[BlackFideId "34624350"]
[Variant "Standard"]
[StudyName "ROpen - Rd5 - Boards 173-END"]
1. d4 Nf6 2. c4 e6 3. Nc3 Bb4 4. e3 O-O 5. Bd2 d5 6. Nf3 Re8 7. a3 Bf8 8. Bd3 b6 9. cxd5 exd5 10. O-O Bg4 11. h3 Bh5 12. Rc1 Ne4 13. Be2 c5 14. g4 Nxd2 15. Qxd2 Bg6 16. dxc5 Bxc5 17. Qxd5 Nd7 18. b4 Bf8 19. Rfd1 Nf6 20. Qb5 Qb8 21. Nh4 a6 22. Qc4 a5 23. Nxg6 hxg6 24. Bf3 Ra7 25. Nb5 Rd7 26. g5 Rxd1+ 27. Rxd1 Rc8 28. Qd4 Nh5 29. Qd7 Rc2 30. Bd5 1-0

[Event "Reykjavik Open 2025"]
[Site "Reykjavik"]
[Date "2025.04.12"]
[Round "5.181"]
[White "Ernisson, Petur Ulfar"]
[Black "Mlynek, Maksymilian"]
[Result "0-1"]
[WhiteElo "1602"]
[WhiteFideId "2326116"]
[BlackElo "1798"]
[BlackFideId "21013942"]
[Variant "Standard"]
[StudyName "ROpen - Rd5 - Boards 173-END"]
1. e4 c6 2. d4 d5 3. e5 Bf5 4. h4 h5 5. Bg5 Qb6 6. Bd3 Qxd4 7. Nf3 Qg4 8. O-O e6 9. Bxf5 Qxf5 10. c4 Nd7 11. cxd5 cxd5 12. Nc3 a6 13. Rc1 Be7 14. Bxe7 Nxe7 15. Na4 Nc6 16. Qb3 Rb8 17. Nc5 Nxc5 18. Rxc5 O-O 19. Re1 Qg4 20. Rc3 Nd4 21. Nxd4 Qxd4 22. Rg3 Qxh4 23. Qe3 Rbc8 24. Rd1 Rc4 25. Rh3 Qg4 26. Rc1 Rfc8 27. Rxc4 Rxc4 28. Qf3 Qxf3 29. Rxf3 Rc1+ 30. Kh2 Rc2 31. Rb3 b5 32. Kg3 Re2 33. f4 g6 34. Kf3 Rc2 35. g3 Kf8 36. Ra3 Rc6 37. g4 hxg4+ 38. Kxg4 b4 39. Rb3 a5 40. a3 Rc4 41. axb4 Rxb4 42. Ra3 a4 43. Kg5 Kg7 44. Kg4 d4 45. Kg5 Rxb2 46. Rxa4 Rg2+ 47. Kh4 d3 48. Rd4 Rd2 49. Kg3 Rd1 50. Kf2 Kh6 51. Rd7 Kg7 52. Rd4 Kf8 53. Ke3 Rh1 54. Ke4 Rh3 55. Rd6 Ke8 56. Kd4 d2 57. Ke4 Rh2 58. Kf3 Rh3+ 59. Kg2 Rh5 60. Rxd2 g5 61. Kg3 gxf4+ 62. Kxf4 Rh4+ 63. Kg5 Re4 64. Kf6 Rf4+ 65. Kg5 Rf5+ 66. Kh6 Rxe5 67. Ra2 Ke7 68. Kg7 Rg5+ 69. Kh6 Rg1 70. Kh5 f5 71. Kh4 Kf6 72. Kh3 f4 73. Kh2 Rg8 74. Ra5 e5 75. Kh1 Kf5 76. Ra4 f3 77. Kh2 e4 78. Ra7 f2 0-1

[Event "Reykjavik Open 2025"]
[Site "Reykjavik"]
[Date "2025.04.12"]
[Round "5.182"]
[White "Pacin, Ondrej"]
[Black "Naga, Laxmi Seelam"]
[Result "0-1"]
[WhiteElo "1598"]
[WhiteFideId "2660083"]
[BlackElo "1764"]
[BlackFideId "25702475"]
[Variant "Standard"]
[StudyName "ROpen - Rd5 - Boards 173-END"]
1. e4 e5 2. Nf3 Nc6 3. Bc4 Bc5 4. c3 Nf6 5. d3 h6 6. Nbd2 d6 7. Bb3 a6 8. O-O O-O 9. Re1 Ba7 10. Nf1 Re8 11. Ng3 Be6 12. h3 d5 13. Qe2 Qd7 14. Rf1 b5 15. Kh2 a5 16. Nh4 a4 17. Bxd5 Nxd5 18. exd5 Qxd5 19. Be3 Ne7 20. Bxa7 Rxa7 21. Qe4 Qxe4 22. dxe4 Rd8 23. Nf3 f6 24. a3 Bb3 25. Rfe1 c5 26. Re2 Rad7 27. Rae1 Nc6 28. Nf1 Na5 29. Rd2 Nc4 30. Rxd7 Rxd7 31. Re2 Bd1 32. Rd2 Nxd2 33. N3xd2 Be2 0-1

[Event "Reykjavik Open 2025"]
[Site "Reykjavik"]
[Date "2025.04.12"]
[Round "5.183"]
[White "Hausberg, Volkmar-Dirk"]
[Black "Villamar, Eros"]
[Result "0-1"]
[WhiteElo "1593"]
[WhiteFideId "533023280"]
[BlackElo "1747"]
[BlackFideId "2645866"]
[Variant "Standard"]
[StudyName "ROpen - Rd5 - Boards 173-END"]
1. d4 e6 2. Nf3 f5 3. c4 Nf6 4. Nc3 d5 5. Bf4 Bd6 6. Ne5 Ne4 7. cxd5 Nxc3 8. bxc3 exd5 9. e3 O-O 10. Rb1 c6 11. c4 Na6 12. c5 Be7 13. Bd3 Nc7 14. O-O Ne6 15. Bg3 g6 16. f4 Qc7 17. Qf3 Bf6 18. Rb2 Bxe5 19. fxe5 Rb8 20. Bh4 b6 21. cxb6 Rxb6 22. Rbf2 Qg7 23. Qg3 f4 24. exf4 Nxd4 25. Bf6 Qh6 26. f5 Bxf5 27. Bxf5 Rb4 28. Bh3 Rfb8 29. Bg5 Qg7 30. e6 Rb1 31. e7 Rxf1+ 32. Rxf1 Ne2+ 33. Kf2 Nxg3 34. Be6+ Kh8 35. Kxg3 Qe5+ 36. Bf4 Qxe6 37. Bxb8 Qxe7 38. Rf4 Kg7 39. Ra4 a5 40. Rxa5 Qe1+ 0-1

[Event "Reykjavik Open 2025"]
[Site "Reykjavik"]
[Date "2025.04.12"]
[Round "5.184"]
[White "Egilsson, Kristofer Arni"]
[Black "Zamvar, Vipin"]
[Result "0-1"]
[WhiteElo "1569"]
[WhiteFideId "2330148"]
[BlackElo "1733"]
[BlackFideId "2403749"]
[Variant "Standard"]
[StudyName "ROpen - Rd5 - Boards 173-END"]
1. d4 Nf6 2. c4 e6 3. Nc3 Bb4 4. Bg5 h6 5. Bh4 O-O 6. e3 d5 7. Rc1 b6 8. a3 Bxc3+ 9. Rxc3 Ba6 10. Nf3 Nbd7 11. b4 c5 12. b5 Bb7 13. Bd3 dxc4 14. Bxc4 g5 15. Nxg5 hxg5 16. Bxg5 Kg7 17. e4 Bxe4 18. Rg3 Rh8 19. Bxf6+ Kxf6 20. Qg4 Bg6 21. h4 Rh5 22. Re3 cxd4 23. Qxd4+ e5 24. Qd6+ Kg7 25. g4 Rxh4 26. Rxh4 Qxh4 27. Qxd7 Rd8 28. Qxa7 Qh1+ 29. Bf1 Qd5 30. Be2 Qd2+ 31. Kf1 Qc1+ 32. Kg2 Rh8 33. Bf1 Rh1 34. Kxh1 Qxf1+ 35. Kh2 Qxf2+ 36. Kh3 Qxe3+ 37. Kh2 Qf2+ 38. Kh3 Qf3+ 39. Kh2 Be4 0-1

[Event "Reykjavik Open 2025"]
[Site "Reykjavik"]
[Date "2025.04.12"]
[Round "5.185"]
[White "Steingrimsson, Bjorgvin"]
[Black "Jameson, Micah K"]
[Result "0-1"]
[WhiteElo "1564"]
[WhiteFideId "2316617"]
[BlackElo "1726"]
[BlackFideId "39971830"]
[Variant "Standard"]
[StudyName "ROpen - Rd5 - Boards 173-END"]
1. e4 e5 2. Nf3 Nf6 3. Nc3 Nc6 4. Bc4 Nxe4 5. Qe2 Nxc3 6. dxc3 d6 7. Ng5 d5 8. Bb3 Be7 9. Nf3 e4 10. Nd4 O-O 11. Bf4 Bg5 12. Nxc6 bxc6 13. Bxg5 Qxg5 14. Rg1 Bg4 15. Qe3 Qxe3+ 16. fxe3 a5 17. a3 Rab8 18. Rb1 Rb6 19. Kd2 Be6 20. Rgf1 f5 21. g3 Rf6 22. Rf2 h5 23. h4 Kf7 24. Rg1 c5 25. Kc1 c4 26. Ba2 a4 27. Kb1 g5 28. hxg5 Rg6 29. g4 Rxg5 30. Rh1 hxg4 31. Rfh2 Kf6 32. Ka1 Ke5 33. Rd1 g3 34. Re2 Rb8 35. Bb1 Rh8 36. Rg1 f4 37. exf4+ Kxf4 38. b3 Rh2 39. Ree1 Rf2 40. bxa4 g2 41. Kb2 0-1

[Event "Reykjavik Open 2025"]
[Site "Reykjavik"]
[Date "2025.04.12"]
[Round "5.187"]
[White "Tomasdottir, Katrin Osk"]
[Black "Aeschbacher, Gregoire"]
[Result "0-1"]
[WhiteElo "1485"]
[WhiteFideId "2331560"]
[BlackElo "1717"]
[BlackFideId "651084821"]
[Variant "Standard"]
[StudyName "ROpen - Rd5 - Boards 173-END"]
1. d4 d5 2. c4 dxc4 3. e3 e6 4. Nc3 Nf6 5. Bxc4 a6 6. Nf3 c5 7. O-O Be7 8. dxc5 Qxd1 9. Rxd1 Bxc5 10. a3 b5 11. Be2 O-O 12. b4 Be7 13. Bb2 Bb7 14. Rac1 Nbd7 15. h3 Rac8 16. Ng5 Nb6 17. Bd3 Rfd8 18. Nge4 Nxe4 19. Bxe4 Bxe4 20. Nxe4 Nc4 21. Rxd8+ Rxd8 22. Rb1 f5 23. Ng3 Rd3 24. Bd4 Nxa3 25. Rc1 Nc4 26. Nh5 e5 27. Bc5 Bxc5 28. bxc5 h6 29. c6 Rd6 30. Ng3 g6 31. e4 f4 32. Ne2 Rxc6 33. Nc3 Nb6 34. Kf1 a5 35. Ke2 Na4 36. Na2 Rxc1 37. Nxc1 0-1

[Event "Reykjavik Open 2025"]
[Site "Reykjavik"]
[Date "2025.04.12"]
[Round "5.198"]
[White "Wiesebach, Wolfgang"]
[Black "Leosson, Tomas Sindri"]
[Result "1-0"]
[WhiteElo "1971"]
[WhiteFideId "4677196"]
[BlackElo "1638"]
[BlackFideId "2325764"]
[Variant "Standard"]
[StudyName "ROpen - Rd5 - Boards 173-END"]
1. d4 Nf6 2. Bf4 g6 3. e3 Bg7 4. h3 d5 5. Nf3 O-O 6. Bd3 Nc6 7. c3 Re8 8. O-O Nh5 9. Bh2 e5 10. Be2 exd4 11. cxd4 Nf6 12. Nc3 a6 13. Rc1 Ne4 14. Nxe4 Rxe4 15. Nd2 Re8 16. a3 Bf8 17. Qb3 Bd6 18. Bxd6 Qxd6 19. Qc3 Re7 20. Bf3 Bd7 21. b4 Rc8 22. Qb3 Be6 23. Rc3 Kg7 24. Rfc1 f6 25. Rc5 Rd7 26. Be2 Nd8 27. a4 Bf7 28. R5c3 Ne6 29. Nf3 Bg8 30. Ne1 Ng5 31. Nd3 Ne4 32. R3c2 Bf7 33. Bf3 c6 34. Qb2 b6 35. Qa3 Rdc7 36. a5 b5 37. Bxe4 dxe4 38. Nc5 Ra7 39. Nxe4 Qd7 40. Qc3 Bd5 41. Nc5 Qf5 42. Re1 Qg5 43. e4 Bf7 44. Rd2 Re8 45. Qe3 Qh4 46. Kh2 f5 47. g3 Qd8 48. f3 fxe4 49. fxe4 Bd5 50. Rf2 Rae7 51. e5 Rf8 52. Ref1 Rxf2+ 53. Rxf2 Qc8 54. Qg5 1-0

[Event "Reykjavik Open 2025"]
[Site "Reykjavik"]
[Date "2025.04.12"]
[Round "5.199"]
[White "Urbaniak, Andreas"]
[Black "Sverrisson, Dagur"]
[Result "1-0"]
[WhiteElo "1754"]
[WhiteFideId "24685020"]
[BlackElo "1444"]
[BlackFideId "2326175"]
[Variant "Standard"]
[StudyName "ROpen - Rd5 - Boards 173-END"]
1. e4 e5 2. Nf3 Nc6 3. Bc4 Nf6 4. d3 Bc5 5. O-O O-O 6. Nc3 d6 7. h3 Be6 8. Bb3 a6 9. Bg5 h6 10. Bh4 Qe7 11. Nd5 Qd7 12. Bxf6 Bxh3 13. gxh3 Qxh3 14. Bh4 g5 15. Bg3 Qxg3+ 16. Kh1 Qh3+ 17. Nh2 g4 18. Qxg4+ Qxg4 19. Nxg4 Kh8 20. c3 Rg8 21. Nxh6 Rg7 22. Nf5 Rh7+ 23. Kg2 Rg8+ 24. Ng3 Rhg7 25. Rh1+ Rh7 26. Rxh7+ Kxh7 27. Nf6+ Kg7 28. Nxg8 Kxg8 29. Nf5 Kf8 30. Rh1 Kg8 31. Nh6+ Kg7 32. Nxf7 1-0

[Event "Reykjavik Open 2025"]
[Site "Reykjavik"]
[Date "2025.04.12"]
[Round "5.200"]
[White "Akason, Aevar"]
[Black "Arnarson, Erlingur"]
[Result "0-1"]
[WhiteElo "1612"]
[WhiteFideId "2307090"]
[BlackElo "1438"]
[BlackFideId "2329867"]
[Variant "Standard"]
[StudyName "ROpen - Rd5 - Boards 173-END"]
1. d4 Nf6 2. c4 e5 3. dxe5 Ne4 4. g3 b6 5. Bg2 Bb7 6. Nf3 Bb4+ 7. Nbd2 Nxd2 8. Bxd2 Qe7 9. O-O Bxd2 10. Qxd2 Bxf3 11. exf3 Nc6 12. f4 O-O-O 13. a3 Rhe8 14. b4 h6 15. b5 Na5 16. Qd5 c6 17. Qd6 Nxc4 18. Qxe7 Rxe7 19. bxc6 dxc6 20. Bxc6 Rc7 21. Bg2 Rd3 22. a4 Nb2 23. Rfc1 Rdc3 24. Bh3+ Kb7 25. Rxc3 Rxc3 26. Bg2+ Ka6 27. a5 bxa5 28. Bf1+ Kb6 29. Rb1 Rc2 30. f5 Kc7 31. e6 fxe6 32. fxe6 Kd6 33. Bh3 a4 34. Re1 Ke7 35. Bf5 Rc5 36. g4 a3 37. Ra1 Rc3 38. Ra2 a5 39. h4 Na4 40. g5 Nc5 41. gxh6 gxh6 42. Rd2 Nxe6 43. Re2 Rc1+ 44. Kg2 Rc6 45. Re3 a2 46. Ra3 Rc5 47. Bh7 Nf4+ 48. Kf3 Nd5 49. Rxa2 Nf6 50. Bg6 Re5 51. Kg3 0-1

[Event "Reykjavik Open 2025"]
[Site "Reykjavik, Iceland"]
[Date "2025.04.13"]
[Round "6.1"]
[White "Maghsoodloo, Parham"]
[Black "Muradli, Mahammad"]
[Result "1-0"]
[WhiteElo "2684"]
[WhiteTitle "GM"]
[WhiteFideId "12539929"]
[BlackElo "2588"]
[BlackTitle "GM"]
[BlackFideId "13409301"]
[TimeControl "90+30 +30 after 40 moves"]
[Variant "Standard"]
[StudyName "Round 6"]
1. e4 { [%clk 1:30:58] } 1... c5 { [%clk 1:23:18] } 2. Nf3 { [%clk 1:31:23] } 2... d6 { [%clk 1:23:39] } 3. d4 { [%clk 1:31:45] } 3... cxd4 { [%clk 1:24:03] } 4. Nxd4 { [%clk 1:32:09] } 4... Nf6 { [%clk 1:24:20] } 5. Nc3 { [%clk 1:32:32] } 5... a6 { [%clk 1:24:37] } 6. Be3 { [%clk 1:32:54] } 6... e5 { [%clk 1:24:42] } 7. Nf3 { [%clk 1:33:16] } 7... Be7 { [%clk 1:24:46] } 8. Bc4 { [%clk 1:33:34] } 8... O-O { [%clk 1:24:41] } 9. Bb3 { [%clk 1:30:43] } 9... Nc6 { [%clk 1:15:36] } 10. Qe2 { [%clk 1:29:23] } 10... Na5 { [%clk 1:09:23] } 11. Bg5 { [%clk 1:05:30] } 11... Nxb3 { [%clk 1:05:18] } 12. axb3 { [%clk 1:05:28] } 12... Ne8 { [%clk 1:05:21] } 13. Bxe7 { [%clk 0:57:28] } 13... Qxe7 { [%clk 1:05:49] } 14. Nd5 { [%clk 0:57:51] } 14... Qd8 { [%clk 1:06:00] } 15. O-O { [%clk 0:58:14] } 15... f5 { [%clk 0:53:54] } 16. Rfd1 { [%clk 0:50:27] } 16... f4 { [%clk 0:43:01] } 17. c4 { [%clk 0:43:05] } 17... Bg4 { [%clk 0:38:35] } 18. h3 { [%clk 0:38:30] } 18... Bh5 { [%clk 0:38:34] } 19. b4 { [%clk 0:36:54] } 19... Kh8 { [%clk 0:34:41] } 20. c5 { [%clk 0:34:16] } 20... Rc8 { [%clk 0:34:13] } 21. Ra3 { [%clk 0:26:00] } 21... Rc6 { [%clk 0:29:22] } 22. Rad3 { [%clk 0:15:47] } 22... g5 { [%clk 0:24:02] } 23. b3 { [%clk 0:12:20] } 23... Qd7 { [%clk 0:13:37] } 24. cxd6 { [%clk 0:03:08] } 24... Rxd6 { [%clk 0:10:40] } 25. Qb2 { [%clk 0:03:19] } 25... Qg7 { [%clk 0:10:41] } 26. Rc1 { [%clk 0:03:03] } 26... Re6 { [%clk 0:06:05] } 27. Rc8 { [%clk 0:02:04] } 27... g4 { [%clk 0:06:15] } 28. hxg4 { [%clk 0:01:21] } 28... Bxg4 { [%clk 0:06:43] } 29. Nh2 { [%clk 0:01:47] } 29... Bh5 { [%clk 0:04:37] } 30. f3 { [%clk 0:00:44] } 30... Rg8 { [%clk 0:03:55] } 31. Rd2 { [%clk 0:00:40] } 31... Rg6 { [%clk 0:02:43] } 32. Nc7 { [%clk 0:00:36] } 32... Nd6 { [%clk 0:00:34] } 33. Rxg8+ { [%clk 0:01:01] } 33... Kxg8 { [%clk 0:01:03] } 34. Qc2 { [%clk 0:00:53] } 34... h6 { [%clk 0:01:08] } 35. Qc5 { [%clk 0:00:36] } 35... Kh7 { [%clk 0:00:49] } 36. Ne6 { [%clk 0:00:35] } 36... Rxe6 { [%clk 0:00:34] } 37. Rxd6 { [%clk 0:00:59] } 37... Rg6 { [%clk 0:00:32] } 38. Rxg6 { [%clk 0:01:11] } 38... Kxg6 { [%clk 0:00:53] } 39. Nf1 { [%clk 0:01:10] } 39... Kh7 { [%clk 0:00:59] } 40. Nd2 { [%clk 0:01:03] } 40... Bf7 { [%clk 0:00:59] } 41. Qb6 { [%clk 0:00:34] } 41... Bg8 { [%clk 0:00:49] } 42. Nc4 { [%clk 0:00:34] } 42... Bxc4 { [%clk 0:27:49] } 43. bxc4 { [%clk 0:28:08] } 43... Qe7 { [%clk 0:25:01] } 44. Qa5 { [%clk 0:16:22] } 44... Qd6 { [%clk 0:20:56] } 45. Kh2 { [%clk 0:12:36] } 45... Qe7 { [%clk 0:20:22] } 46. Qa1 { [%clk 0:11:39] } 46... Kg6 { [%clk 0:18:59] } 47. c5 { [%clk 0:11:44] } 47... Qh4+ { [%clk 0:15:46] } 48. Kg1 { [%clk 0:12:02] } 48... Kf7 { [%clk 0:15:45] } 49. Qc3 { [%clk 0:11:20] } 49... h5 { [%clk 0:14:24] } 50. Qa1 { [%clk 0:10:26] } 50... Kg6 { [%clk 0:07:04] } 51. Qd1 { [%clk 0:10:23] } 51... Qe7 { [%clk 0:07:29] } 52. Qd5 { [%clk 0:09:14] } 52... Kg5 { [%clk 0:07:39] } 53. Qg8+ { [%clk 0:08:56] } 53... Kh4 { [%clk 0:06:30] } 54. Qg6 { [%clk 0:06:26] } 54... Qg5 { [%clk 0:01:43] } 55. Qf7 { [%clk 0:05:55] } 55... Qd8 { [%clk 0:01:02] } 56. Qg7 { [%clk 0:05:36] } 56... Qg5 { [%clk 0:00:32] } 57. Qxb7 { [%clk 0:05:38] } 57... a5 { [%clk 0:00:43] } 58. Qd7 { [%clk 0:05:45] } 1-0